000 00390nam a2200145Ia 4500
008 230917s9999||||xx |||||||||||||| ||und||
040 _e104581
_aMAIN
041 _aEnglish
082 _a320.50954 M923G
100 _aMandal, Mulhaya
245 0 _aGandhi ka pragati darshan: lohia J P ke sandarbh mein
260 _aVaranasi
_bBharat Bharti
_c2003
300 _axiii,340 p.
942 _cBK
999 _c118856
_d118856